Responses for show #1200 - Friday, November 17, 1989

1989 Tournament of Champions final game 2.

Contestants

[<< previous game]

Rich Lerner, a lawyer from Pago Pago, American Samoa (subtotal of $4,100)

Brian Wangsgard, a senior marketing representative originally from Ogden, Utah (subtotal of $3,000)

Tom Cubbage, a law student and winner of last year's College Tournament from Bartlesville, Oklahoma (subtotal of $8,100)

[next game >>]

Jeopardy! Round responses

CORPORATE AMERICA
GARDENING
MYTHS & LEGENDS
RECORD ALBUMS
SLAVERY
"CHAIN"S
    $100 6
Hallmark

Rich
    $100 11
Palm Tree

Brian
    $100 26
Lancelot

Rich
    $100 1
Frank Sinatra

Rich
    $100 17
Russia

Rich
    $100 16
Chain Gang

Tom
    $200 7
RCA

Rich
    $200 12
Garlic

Brian
    $200 28
Hercules

Tom
    $200 2
"Miami Vice"

Rich
    $200 20
Saudi Arabia

Rich
    $200 18
Chain Mail

Rich
    $300 8
Borden

Rich
    $300 13
(T: No response)

Aphids

TomBrian
    $300 27
Mephistopheles

Brian
    $300 3
Linda Ronstadt

Tom
    $300 23
13th Amendment

Tom
    $300 19
chain of command

Tom
    $400 9
Castle & Cooke

Rich
    $400 14
Rhododendron

Triple Stumper
    $300 29
Ichabod Crane

Tom
    $400 4
Fleetwood Mac

Rich
    $400 24
(T: What is Missouri?)

California

TomBrian
    $400 21
"The Chained Lady"

Triple Stumper
    $500 10
KImberly-Clark

Brian
    $500 15
(R: What is a crocus?)

Iris

BrianRich
    $500 30
Penelope

Tom
    $500 5
Blondie

Rich
    $500 25
Manumission

Triple Stumper
    $500 22
"Have nothing to lose but their chains"

Tom

Scores at the first commercial break (after clue 15):

Tom Brian Rich
$0 $1,600 $1,700

Scores at the end of the Jeopardy! Round:

Tom Brian Rich
$1,800 $2,300 $2,300

Double Jeopardy! Round responses

FAMOUS FIRSTS
LITERATURE
ARTISTS
THE BODY HUMAN
PROVERBS
TRAVEL & TOURISM
    $200 11
Convention

Rich
    $200 1
Erskine Caldwell

Tom
    $200 3
Samuel Morse

Brian
    $200 27
Capillaries

Brian
    $200 17
Laughter

Rich
    $200 16
Gibraltar

Tom
    $400 30
Union Label

Tom
    $400 2
E.L. Doctorow

Brian
    $400 4
Delft

Triple Stumper
    $400 25
Immune System

Brian
    $400 18
London

Rich
    $400 15
French Francs

Rich
    $600 29
Massachusetts

Brian
    $600 8
"The Lost Weekend"

Triple Stumper
    $600 5
George III

Tom
    $600 22
Clavicle, Humerus & Scapula

Rich
    $600 19
"Repeat Itself"

Tom
    $600 14
Steps

Rich
    $800 28
Gordon Cooper

Triple Stumper
    $800 9
(R: Who is Sinclair Lewis?)

Garrison Keillor

TomRich
    $800 6
Edvard Munch

Tom
    $800 23
Abductor Muscles

Triple Stumper
    $800 20
"That he would lay down his life for his brother/friends"

Brian
    $800 13
Kenya

Rich
    $1000 26
Edith Wharton

Tom
    $1000 10
(Tom: Who is Burroughs?)
(Alex: We want you to give the full name.)
(Tom: [*].)
(Alex: Wanted to make sure you knew who they were.)

William Burroughs

Tom
    $700 7
Aubrey Beardsley

Tom
    $1000 24
The Heart

Tom
    $2,000 21
(B: What is a man who could hear?)

The Man With One Eye

Brian
    $1000 12
Varig

Rich

Scores at the end of the Double Jeopardy! Round:

Tom Brian Rich
$9,100 $2,900 $5,700
(lock tournament)

[wagering suggestions for these scores]

Final Jeopardy! Round responses

U.S. HISTORY
[All ToC contestants meet on stage to congratulate Tom.]
(Alex: Ladies and gentlemen, I hope you had as good a time as we did for these past two weeks--it was a super tournament; it's great to see the College Champion of last year win $100,000. We'll be back with our regular games on Monday. Thank you for tuning us in--so long, everyone!)
BrianWhat are NM, AZ & WA?
$2,898
RichWhat are Ariz Okla + N.M.?
$5,700
TomWhat are New Mex., Ariz & OKLAHOMA?
$0
Arizona, New Mexico & Oklahoma

Final scores:

Tom Brian Rich
$9,100 $2 $11,400

Cumulative scores:

Tom Brian Rich
$17,200 $3,002 $15,500
Tournament champion: $100,000 2nd runner-up: $7,500 1st runner-up: $15,500

Game dynamics:

Coryat scores:

Tom Brian Rich
$9,500 $4,900 $5,700
19 R
(including 2 DDs),
2 W
13 R,
1 W
(including 1 DD)
20 R,
2 W

Combined Coryat: $20,100

The J! Archive is created by fans, for fans. The Jeopardy! game show and all elements thereof, including but not limited to copyright and trademark thereto, are the property of Jeopardy Productions, Inc. and are protected under law. This website is not affiliated with, sponsored by, or operated by Jeopardy Productions, Inc. Join the discussion at JBoard.tv.